Direito tributário brasileiro / (Record no. 716)
[ view plain ]
| 000 -LÍDER | |
|---|---|
| Campo Fixo de Controle | 00731nam a2200253 a 4500 |
| 001 - NÚMERO DE CONTROLE | |
| Campo de Controle | 716 |
| 003 - IDENTIFICAÇÃO DO NÚMERO DE CONTROLE | |
| Campo de Controle | BR-CuiBMT |
| 005 - DATA E HORA DA ÚLTIMA ATUALIZAÇÃO | |
| Campo de Controle | 20231114162140.0 |
| 008 - DADOS FIXOS | |
| Dados Fixos | 231107s2012 spb 000 0 por d |
| 020 ## - INTERNATIONAL STANDARD BOOK NUMBER | |
| Nº do ISBN | 9788502157187 |
| 040 ## - AGÊNCIA CATALOGADORA | |
| Código da Agência Catalogadora | BR-CuiBMT |
| Agência que transcreveu o registro | BR-CuiBMT |
| 080 ## - Nº DA CLASSIFICAÇÃO DECIMAL UNIVERSAL | |
| Nº Class. CDU | 34:336.2 |
| Nº edição CDU | 2007 |
| Subd. Auxiliar Comum | (81) |
| 090 ## - NÚMERO DE CHAMADA | |
| Nº classificação | 34:336.2(81) |
| Cutter | A485d |
| Ano/Edição | 18 . ed. |
| 100 1# - ENTRADA PRINCIPAL -- AUTOR PESSOAL | |
| Nome pessoal | Amaro, Luciano da Silva |
| 245 10 - TÍTULO PRINCIPAL | |
| Título principal | Direito tributário brasileiro / |
| Indicação de responsabilidade | Luciano Amaro. |
| 250 ## - EDIÇÃO | |
| Edição | 18. ed. |
| 260 ## - PUBLICAÇÃO, DISTRIBUIÇÃO, ETC. | |
| Local de publicação | São Paulo : |
| Editora | Saraiva, |
| Data | 2012. |
| 300 ## - DESCRIÇÃO FÍSICA | |
| N. páginas ou volumes | 541 p. ; |
| Dimensões | 23 cm |
| 504 ## - NOTA DE BIBLIOGRAFIA, ETC. | |
| Nota de bibliografia | Inclui bibliografia. |
| 650 ## - ASSUNTO TÓPICO | |
| Cabeçalho tópico ou nome geográfico | Direito tributário |
| Subdivisão geográfica | Brasil |
| 650 ## - ASSUNTO TÓPICO | |
| Cabeçalho tópico ou nome geográfico | Competência tributária |
| Subdivisão geográfica | Brasil |
| 650 ## - ASSUNTO TÓPICO | |
| Cabeçalho tópico ou nome geográfico | Legislação tributária |
| Subdivisão geográfica | Brasil |
| 942 ## - ELEMENTOS DE ENTRADA ADICIONAIS (KOHA) | |
| Fonte de classificação ou esquema de arquivamento | Classificação Decimal Universal |
| Tipo de item do Koha | Livros |
| Estado: removido | Estado: perdido | Fonte de classificação ou esquema de arquivamento | Estado: danificado | Indisponível para empréstimo | Localização permanente | Localização atual | Data de aquisição | Total Checkouts | Número de Chamada completo | Código de barras | Date last seen | Número do exemplar | Preço efetivo a partir de | Tipo de item (Koha) |
|---|---|---|---|---|---|---|---|---|---|---|---|---|---|---|
| Classificação Decimal Universal | Biblioteca da Escola Superior de Contas do TCE/MT | Biblioteca da Escola Superior de Contas do TCE/MT | 02/04/2013 | 34:336.2(81) A485d 18. ed. | BIBTCEMT23110567 | 14/11/2023 | Ex. 1 | 14/11/2023 | Livros |